000 00660nam a22002417a 4500
999 _c12081
_d12081
001 12081
003 BD-JhCC
005 20210314093915.0
008 210314s20162017nyu |||| |||| 000 0 eng d
020 _a9789332547070
035 _a(BD-JhCC)12081
040 _aBD-JhCC
_dBD-JhCC
041 _aeng
082 _a428.076
_bTHO 2017
100 _aThorpe, Edgar
245 _aObjective English for competitive examinations /
_cEdgar Thorpe and Showick Thorpe
250 _a6th ed.
260 _aLondon :
_bPearson,
_c2017.
300 _axix, various pages.
_c25 cm.
650 _aEnglish language--Grammar
700 _aThorpe, Showick
942 _2ddc
_cBK